Volební programy Národní fronty a odbory /

Publikace informuje o volebních programech Národní fronty v oblasti politickovýchovné, politickoorganizátorské, ekonomické a sociální. Věnuje pozornost péči o životní prostředí a zvelebování měst a obcí v souvislosti svolebnímiprogramy, zabývá se úlohou ROH při jejich přípravě a realizaci a na řadě...

Celý popis

Hlavní autor: Blecha, Václav
Jazyk: Čeština
Vydáno: Praha : Práce, 1980
Vydání: 1. vyd.
Externí odkaz: Digitalizovaný dokument
Fyzický popis: 135, [1] stran : tab. ; 8°
Knihy
Uloženo v:
LEADER 01761nam a22003732i 4500
001 001519766
003 CZ BrMZK
005 20160418082542.0
007 ta
008 160405s1980 xr er|||||||||||cze d
015 |a cnb000152800 
035 |a (OCoLC)9525386 
040 |a ABA001  |b cze  |c ABA001  |d ABA001  |e rda 
080 9 |a 324 :[329(437) :331.881(437) ''1981'' 
100 1 |a Blecha, Václav  |7 jk01012366  |4 aut 
245 1 0 |a Volební programy Národní fronty a odbory /  |c Václav Blecha a kol. 
250 |a 1. vyd. 
264 1 |a Praha :  |b Práce,  |c 1980 
300 |a 135, [1] stran :  |b tab. ;  |c 8° 
336 |a text  |b txt  |2 rdacontent 
337 |a bez média  |b n  |2 rdamedia 
338 |a svazek  |b nc  |2 rdacarrier 
500 |a 2500 výt. 
500 |a Přehl. předpisů a usnesení vlády ČSR 
500 |a Odkazy na lit. 
500 |a Obálka: Olga Herdová 
520 2 |a Publikace informuje o volebních programech Národní fronty v oblasti politickovýchovné, politickoorganizátorské, ekonomické a sociální. Věnuje pozornost péči o životní prostředí a zvelebování měst a obcí v souvislosti svolebnímiprogramy, zabývá se úlohou ROH při jejich přípravě a realizaci a na řadě faktů ukazuje příčiny úspěchů i nedostatků. 
500 |a Dostupné též v digitální podobě v aplikaci Kramerius 
856 4 1 |u http://www.digitalniknihovna.cz/mzk/uuid/uuid:5a588820-968f-11e6-baa5-005056827e51  |y Digitalizovaný dokument  |x NDK 
910 |a BOA001  |b TK-0204.805  |b 2-1038.624 
990 |a BK 
991 |b 201604 
996 6 |b 2610668447  |c 2-1038.624  |l MZK  |r Sklad / do 1 hodiny  |n 0  |p dar  |w 001554954  |u 000020  |a 1  |e BOA001  |j MZK50  |s P 
996 7 |b 2629954325  |c TK-0204.805  |l MZK  |r Sklad / do 24 hodin  |n 1  |w 001554954  |u 000010  |a 1  |e BOA001  |j MZK50  |s A